000 00384nam a2200121Ia 4500
008 240731s9999 xx 000 0 und d
022 _a1547-7800
245 0 _aScience & Global Security : The Technical Basis for Arms Control, Disarmament, and Nonproliferation Initiatives
260 _bRoutledge
856 _uhttps://www.tandfonline.com/loi/gsgs20
942 _2ddc
942 _cTFEJ
999 _c79344
_d79344
945 _a1
_bMadushi Gamage
_c1
_dMadushi Gamage